<?xml version="1.0" encoding="UTF-8"?>
<collection xmlns="http://www.loc.gov/MARC21/slim">
 <record>
  <leader>01970nam a2200241Ia 4500</leader>
  <controlfield tag="001">CTU_175021</controlfield>
  <controlfield tag="008">210402s9999    xx            000 0 und d</controlfield>
  <datafield tag="020" ind1=" " ind2=" ">
   <subfield code="c">86000</subfield>
  </datafield>
  <datafield tag="082" ind1=" " ind2=" ">
   <subfield code="a">813.54</subfield>
  </datafield>
  <datafield tag="082" ind1=" " ind2=" ">
   <subfield code="b">S544k</subfield>
  </datafield>
  <datafield tag="100" ind1=" " ind2=" ">
   <subfield code="a">Sheldon, Sidney</subfield>
  </datafield>
  <datafield tag="245" ind1=" " ind2="0">
   <subfield code="a">Ký ức nửa đêm : tiểu thuyết =</subfield>
  </datafield>
  <datafield tag="245" ind1=" " ind2="0">
   <subfield code="b">Memories of midnight</subfield>
  </datafield>
  <datafield tag="245" ind1=" " ind2="0">
   <subfield code="c">Sidney Sheldon ; Nguyễn Minh Châu (dịch)</subfield>
  </datafield>
  <datafield tag="260" ind1=" " ind2=" ">
   <subfield code="a">Hà Nội</subfield>
  </datafield>
  <datafield tag="260" ind1=" " ind2=" ">
   <subfield code="b">Công an Nhân dân</subfield>
  </datafield>
  <datafield tag="260" ind1=" " ind2=" ">
   <subfield code="c">2011</subfield>
  </datafield>
  <datafield tag="520" ind1=" " ind2=" ">
   <subfield code="a">Với Phía bên kia nửa đêm, họ chơi trò chơi cuối cùng của tình yêu, sự thèm khát và cái chết. Còn đây, trong Ký ức nửa đêm, những người sống sót gặp nhau để chơi một lần cuối cùng...Bị thảm kịch che phủ bóng đêm và chịu ảnh hưởng nặng nề của chứng hay quên, một phụ nữ xinh đẹp đã cố gắng liều lĩnh để quay về với thực tại. Catherine Douglas lại một lần nữa thách thức sự tàn bạo, quyền lực ghê gớm của Constantin Demiris, ông trùm vận tải biển người Hy Lạp, kẻ đã giết chồng nàng. Lúc này, tại những thủ đô lộng lẫy và những khu vui chơi thơ mộng của Châu Âu thời hậu chiến, Demiris đã và đang sắp xếp những cảnh tượng chết chóc của hắn đối với Catherine - và bí mật xảo trá duy nhất mà sự thật khủng khiếp của hắn chỉ riêng nàng được biết...</subfield>
  </datafield>
  <datafield tag="650" ind1=" " ind2=" ">
   <subfield code="a">Detective and mystery stories,American literature,Thám tử và chuyện bí ẩn,Văn học Mỹ</subfield>
  </datafield>
  <datafield tag="650" ind1=" " ind2=" ">
   <subfield code="y">20th century,Thế kỷ 20</subfield>
  </datafield>
  <datafield tag="650" ind1=" " ind2=" ">
   <subfield code="z">United States,Hoa Kỳ</subfield>
  </datafield>
  <datafield tag="904" ind1=" " ind2=" ">
   <subfield code="i">Năm</subfield>
  </datafield>
  <datafield tag="980" ind1=" " ind2=" ">
   <subfield code="a">Trung tâm Học liệu Trường Đại học Cần Thơ</subfield>
  </datafield>
 </record>
</collection>
